| 000 | 00537nam a22001937a 4500 | ||
|---|---|---|---|
| 003 | OSt | ||
| 005 | 20260317004227.0 | ||
| 008 | 260317b |||||||| |||| 00| 0 eng d | ||
| 020 | _a0-380-77573-5. | ||
| 040 |
_aDWCL Main lib _cOC |
||
| 082 | _aFic. J89g 1994 | ||
| 100 | _aJoyce, Brenda | ||
| 245 |
_aThe game _cBrenda Joyce |
||
| 260 |
_aNew York : _bAvon Books, _cc1994. |
||
| 300 |
_a472 p. ; _c17 cm. |
||
| 650 | _aGreat Britain-History-Elizabeth, 1558-1603-Fiction. | ||
| 650 | _aPirates-Fiction. | ||
| 942 |
_2ddc _cFIC. _kFic. _n0 |
||
| 999 |
_c9178 _d9178 |
||